00431nam a22001457a 4500020001500000082001900015100001700034245012800051260002700179300000900206504002000215563000700235650002100242650002200263 a9965324654 a553.09584bKUN aKunayev, M.S aThe Analysis of Geophysical Characteristics of Series of Kazakhstan Useful Minerals deposits/cM.S Kunayev,and D.Sh.Sadykov aAlmaty:bGylym;c2007. a374p aKazakh Language aHB aEconomic geology aMineral resources